<?xml version="1.0" encoding="UTF-8"?>
<collection xmlns="http://www.loc.gov/MARC21/slim">
 <record>
  <leader>00881pamaa2200193   4500</leader>
  <controlfield tag="001">0000024637</controlfield>
  <controlfield tag="005">20060523090000.0</controlfield>
  <datafield tag="020" ind1="0" ind2="0">
   <subfield code="a">0226761495 </subfield>
  </datafield>
  <datafield tag="082" ind1=" " ind2=" ">
   <subfield code="a">940.5373 WAS 1981</subfield>
  </datafield>
  <datafield tag="090" ind1="0" ind2="0">
   <subfield code="a">D769.1 </subfield>
   <subfield code="b">WAS 1981</subfield>
  </datafield>
  <datafield tag="245" ind1="1" ind2="0">
   <subfield code="a">WASHINGTON despatches 1941 - 1945 : </subfield>
   <subfield code="b">weekly political reports from the british embassy  </subfield>
   <subfield code="c">edited by H.G.Nicholas ; with an introduction by Isaiah Berlin.</subfield>
  </datafield>
  <datafield tag="260" ind1="0" ind2="0">
   <subfield code="a">Chicago: </subfield>
   <subfield code="b">The University of Chicago Press, </subfield>
   <subfield code="c">1981.</subfield>
  </datafield>
  <datafield tag="300" ind1=" " ind2=" ">
   <subfield code="a">700p.; </subfield>
   <subfield code="c">24cm.</subfield>
  </datafield>
  <datafield tag="650" ind1="0" ind2="0">
   <subfield code="a">World war -- </subfield>
   <subfield code="x">Sources -- </subfield>
   <subfield code="y">1939-1945 -- </subfield>
   <subfield code="z">United States </subfield>
  </datafield>
  <datafield tag="650" ind1="0" ind2="0">
   <subfield code="a">United States -- </subfield>
   <subfield code="x">Politics and government -- </subfield>
   <subfield code="x">Sources -- </subfield>
   <subfield code="y">1933-1945 </subfield>
  </datafield>
  <datafield tag="650" ind1="0" ind2="0">
   <subfield code="a">United States -- </subfield>
   <subfield code="x">Foreign relations -- </subfield>
   <subfield code="y">1933-1945 </subfield>
  </datafield>
  <datafield tag="650" ind1="0" ind2="0">
   <subfield code="a">United States -- </subfield>
   <subfield code="x">Foreign Relations -- </subfield>
   <subfield code="x">Sources -- </subfield>
   <subfield code="z">Great Britain </subfield>
  </datafield>
  <datafield tag="650" ind1="0" ind2="0">
   <subfield code="a">Great Britain -- </subfield>
   <subfield code="x">Foreign Realtions -- </subfield>
   <subfield code="x">United States -- </subfield>
   <subfield code="x">Sources </subfield>
  </datafield>
  <datafield tag="700" ind1="1" ind2="1">
   <subfield code="a">Nicholas, </subfield>
   <subfield code="h">H.G. </subfield>
  </datafield>
 </record>
</collection>
